2011 (Record no. 83149)

MARC details
000 -LEADER
fixed length control field 00811cab a22001935a 4500
001 - CONTROL NUMBER
control field L152963
008 - FIXED-LENGTH DATA ELEMENTS--GENERAL INFORMATION
fixed length control field 110518s2011 xxk 000 0 eng d
035 ## - SYSTEM CONTROL NUMBER
System control number (Sirsi) u152963
041 0# - LANGUAGE CODE
Language code of text/sound track or separate title eng
100 1# - MAIN ENTRY--PERSONAL NAME
Personal name Challis, Adam
245 00 - TITLE STATEMENT
Title 2011
Remainder of title recovery proving elusive
260 ## - PUBLICATION, DISTRIBUTION, ETC.
Date of publication, distribution, etc. 2011
490 #0 - SERIES STATEMENT
Series statement Sustainablebuilding inc Propertyforecast
Volume/sequential designation (51) February 2011, 13-14(2)
520 ## - SUMMARY, ETC.
Summary, etc. Provides Hamptons International house price forecasts for 2011 and indicates that a sustained market recovery is proving to be elusive. Anticipates a fairly flat picture for the volume of house sales in 2011. Predicts a slow but broad-based improvement for the housing market in 2012.
590 ## - LOCAL NOTE (RLIN)
Local note KA
651 #4 - SUBJECT ADDED ENTRY--GEOGRAPHIC NAME
Geographic name United Kingdom
Chronological subdivision
690 ## - LOCAL SUBJECT ADDED ENTRY--TOPICAL TERM (OCLC, RLIN)
Topical term or geographic name as entry element PROPERTY-RESIDENTIAL PROPERTY-RESIDENTIAL PROPERTY MARKET
942 ## - ADDED ENTRY ELEMENTS (KOHA)
Suppress in OPAC 0
Holdings
Withdrawn status Lost status Source of classification or shelving scheme Damaged status Not for loan Home library Current library Shelving location Date acquired Total Checkouts Full call number Barcode Date last seen Copy number Price effective from Koha item type
    Dewey Decimal Classification     London London Journal article 18/05/2011   L152963 152963-1001 06/08/2019 1 06/08/2019 Journal article